The general educator's guide to special education / (Record no. 115808)
[ view plain ]
| 000 -LEADER | |
|---|---|
| fixed length control field | 00662nam a22002177a 4500 |
| 003 - CONTROL NUMBER IDENTIFIER | |
| control field | OSt |
| 005 - DATE AND TIME OF LATEST TRANSACTION | |
| control field | 20140506115153.0 |
| 008 - FIXED-LENGTH DATA ELEMENTS--GENERAL INFORMATION | |
| fixed length control field | 140506b xxu||||| |||| 00| 0 eng d |
| 020 ## - INTERNATIONAL STANDARD BOOK NUMBER | |
| International Standard Book Number | 9781412971379 |
| 050 ## - LIBRARY OF CONGRESS CALL NUMBER | |
| Classification number | LC 4019 |
| Item number | .M215 2009 |
| 100 ## - MAIN ENTRY--PERSONAL NAME | |
| Personal name | Maanum, Jody L. |
| 245 ## - TITLE STATEMENT | |
| Title | The general educator's guide to special education / |
| Statement of responsibility, etc | Jody L. Maanum. |
| 250 ## - EDITION STATEMENT | |
| Edition statement | 3rd ed. |
| 260 ## - PUBLICATION, DISTRIBUTION, ETC. (IMPRINT) | |
| Place of publication, distribution, etc | USA : |
| Name of publisher, distributor, etc | CORWIN, |
| Date of publication, distribution, etc | c2009. |
| 300 ## - PHYSICAL DESCRIPTION | |
| Extent | xv. 236 p. : |
| Dimensions | 28 cm. |
| 521 ## - TARGET AUDIENCE NOTE | |
| Target audience note | |
| 650 ## - SUBJECT ADDED ENTRY--TOPICAL TERM | |
| Topical term or geographic name as entry element | Children with disabilities |
| General subdivision | Education |
| -- | United States |
| -- | Handbooks, manuals, etc. |
| 651 ## - SUBJECT ADDED ENTRY--GEOGRAPHIC NAME | |
| Geographic name | Special education |
| General subdivision | Handbooks, manuals, etc. |
| 942 ## - ADDED ENTRY ELEMENTS (KOHA) | |
| Source of classification or shelving scheme | Library of Congress Classification |
| Koha item type | Books |
| Withdrawn status | Lost status | Source of classification or shelving scheme | Damaged status | Home library | Current library | Shelving location | Date acquired | Total Checkouts | Total Renewals | Full call number | Barcode | Date last seen | Date checked out | Copy number | Price effective from | Koha item type |
|---|---|---|---|---|---|---|---|---|---|---|---|---|---|---|---|---|
| Library of Congress Classification | College Library | College Library | General Circulation Section | 05/06/2014 | 1 | 3 | LC 4019 .M215 2009 | C13065 | 05/15/2018 | 03/03/2017 | 1 | 05/06/2014 | Books |